000 00317nam a22001457a 4500
008 230925b ||||| |||| 00| 0 eng d
020 _a9780072969061
041 _aeng
080 _a101
082 _a101DIL
100 _a44
101 _aFILOZ
245 _aFROM SOCRATES TO CINEMA
_cDILEO.R.J
942 _2udc
_cBK
999 _c60392
_d60392